Will there be another rubber boom ? (Record no. 72447)

MARC details
000 -LEADER
fixed length control field 00256nam a2200109Ia 4500
245 #0 - TITLE STATEMENT
Title Will there be another rubber boom ?
260 ## - PUBLICATION, DISTRIBUTION, ETC. (IMPRINT)
Name of publisher Planter
Year of publication 1952
300 ## - PHYSICAL DESCRIPTION
Number of Pages 557-559
650 ## - SUBJECT ADDED ENTRY--TOPICAL TERM
Topical Term Rubber
942 ## - ADDED ENTRY ELEMENTS (KOHA)
Koha item type Journals
Holdings
Withdrawn status Lost status Damaged status Not for loan Home library Current library Shelving location Date acquired Serial Enumeration / chronology Koha item type
      Journals RRII Library RRII Library Rubber general 17/12/2021 Volume 28, Issue 12 Journals